Aplikácia Etického kódexu IFAC v činnosti účtovníka a audítora v SR diplomová práca

Guardado en:
Detalles Bibliográficos
Autor principal: Kováčik, Adam
Autor Corporativo: Fakulta hospodárskej informatiky EU. Katedra účtovníctva a audítorstva
Otros Autores: Bednárová, Michaela, 1987-
Formato: Libro
Lenguaje:eslovaco
Publicado: Bratislava 2021
Etiquetas: Agregar Etiqueta
Sin Etiquetas, Sea el primero en etiquetar este registro!

MARC

LEADER 00000nbm a2200000 4500
001 0278249
005 20220323134020.8
041 0 |a slo 
044 |a SK 
245 1 0 |a Aplikácia Etického kódexu IFAC v činnosti účtovníka a audítora v SR  |b diplomová práca  |c Adam Kováčik ; školiteľ: Michaela Bednárová 
264 1 |a Bratislava  |c 2021 
300 |a 53 s. 
100 1 |a Kováčik, Adam 
700 1 |a Bednárová, Michaela, 1987- 
710 2 |a Fakulta hospodárskej informatiky EU. Katedra účtovníctva a audítorstva